| 000 | 00561nam a2200157 i 4500 | ||
|---|---|---|---|
| 001 | 74503 | ||
| 003 | ES-MaACL | ||
| 007 | t| | ||
| 008 | 040920s1980 sp ||||1| spa d | ||
| 100 | 1 |
_aGonzález Jiménez, Manuel. _958734 |
|
| 245 | 1 | 3 |
_aEl libro del repartimiento de Jerez de la Frontera / _cestudio y edición, Manuel González Jiménez, Antonio González Gómez. |
| 260 |
_aCádiz : _bInstituto de Estudios Gaditanos, _c1980. |
||
| 300 |
_aLXXXIII, 277 p. ; _c25 cm. |
||
| 700 | 1 |
_aGonzález Gómez, Antonio. _958676 |
|
| 852 |
_aES-MaACL _jL-651 _bR.101684 |
||
| 999 |
_c74503 _d74503 |
||